Statistical physics (Record no. 544385)
[ view plain ]
| 000 -LEADER | |
|---|---|
| fixed length control field | 00456mam a2200157 4500 |
| 082 ## - DEWEY DECIMAL CLASSIFICATION NUMBER | |
| Classification number | 535.13 |
| Author Mark | REI |
| -- | L-6, P-86 |
| 100 1# - MAIN ENTRY--PERSONAL NAME | |
| Personal name | Reif, F. |
| 9 (RLIN) | 39740 |
| 245 10 - TITLE STATEMENT | |
| Title | Statistical physics |
| Statement of responsibility, etc. | [by] F. Reif. |
| 260 ## - PUBLICATION, DISTRIBUTION, ETC. | |
| Place of publication, distribution, etc. | New York, |
| Name of publisher, distributor, etc. | McGraw-Hill |
| Date of publication, distribution, etc. | [1965] |
| 300 ## - PHYSICAL DESCRIPTION | |
| Extent | xxi, 398 p. |
| Other physical details | illus. |
| Dimensions | 24 cm. |
| 490 1# - SERIES STATEMENT | |
| Series statement | Berkeley physics course ; |
| 526 ## - STUDY PROGRAM INFORMATION NOTE | |
| Program name | 0 |
| Interest level | 0 |
| Reading level | 0 |
| Title point value | 535_130000000000000_REI |
| 650 #0 - SUBJECT ADDED ENTRY--TOPICAL TERM | |
| Topical term or geographic name entry element | MCE |
| 9 (RLIN) | 379 |
| 650 #0 - SUBJECT ADDED ENTRY--TOPICAL TERM | |
| Topical term or geographic name entry element | Statistical mechanics. |
| 9 (RLIN) | 34451 |
| 942 ## - ADDED ENTRY ELEMENTS (KOHA) | |
| Source of classification or shelving scheme | |
| Koha item type | Book |
| Withdrawn status | Lost status | Source of classification or shelving scheme | Damaged status | Not for loan | Permanent Location | Current Location | Date acquired | Total Checkouts | Full call number | Barcode | Date last seen | Price effective from | Koha item type |
|---|---|---|---|---|---|---|---|---|---|---|---|---|---|
| Military College of Engineering (MCE) | Military College of Engineering (MCE) | 04/17/2014 | 535.13 REI | MCE-5533 | 04/17/2014 | 04/17/2014 | Book |
